[Event "Dubai Police op-A"]
[Site "Dubai"]
[Date "2024.05.12"]
[Round "9"]
[White "Lashkin, Jegor"]
[Black "Mahdavi, Reza"]
[Result "0-1"]
[WhiteElo "2449"]
[BlackElo "2357"]
[PlyCount "132"]
[EventDate "2024.05.04"]
[EventType "swiss"]
[EventRounds "9"]
[EventCountry "UAE"]
[SourceTitle "CB20_2024"]
[SourceDate "2024.05.16"]
[SourceVersion "1"]
[SourceVersionDate "2024.05.16"]
[SourceQuality "1"]

1. d4 Nf6 2. c4 e6 3. Nf3 d5 4. Nc3 Nbd7 5. cxd5 exd5 6. Bg5 Bb4 7. e3 h6 8. Bh4 g5 9. Bg3 Ne4 10. Nd2 Nxg3 11. hxg3 Nb6 12. a3 Be7 13. Bd3 c6 14. Rb1 a5 15. b4 axb4 16. axb4 Be6 17. Qc2 Qc8 18. 0-0 0-0 19. Ne2 Ra3 20. Rfc1 Qa8 21. Nc3 Rc8 22. Qb2 Ra7 23. Bc2 Qb8 24. Rd1 Rd8 25. Bd3 Qd6 26. Qc2 Ra3 27. Rdc1 Nd7 28. Ne2 Rda8 29. e4 dxe4 30. Nxe4 Qd5 31. N4c3 Qd6 32. b5 c5 33. b6 R3a5 34. d5 Bg4 35. Nb5 Qxb6 36. Nec3 Nf6 37. d6 Bxd6 38. Bc4 Kg7 39. Ne4 Be5 40. Nbd6 Qc6 41. Rxb7 Nd7 42. Qd2 Ra1 43. Rbb1 Rxb1 44. Rxb1 Bd4 45. Bxf7 Rf8 46. Qa2 Nf6 47. Qa7 Bd7 48. Rb6 Ra8 49. Rxc6 Rxa7 50. Nxf6 Bxc6 51. Nh5+ Kf8 52. Bc4 Ra1+ 53. Kh2 Bxf2 54. Nf5 g4 55. Nf4 Bg1+ 56. Kh1 Rc1 57. Ng6+ Ke8 58. Bg8 Bd4+ 59. Kh2 Kd8 60. Nd6 Kc7 61. Nc4 Be4 62. Nf8 Bd3 63. Ne6+ Kc6 64. Na5+ Kd6 65. Nxd4 cxd4 66. Nb3 Rc8 0-1

[Event "Dubai Police op-A"]
[Site "Dubai"]
[Date "2024.05.11"]
[Round "8"]
[White "Mahdavi, Reza"]
[Black "Mohammad Fahad, Rahman"]
[Result "1/2-1/2"]
[WhiteElo "2357"]
[BlackElo "2435"]
[PlyCount "95"]
[EventDate "2024.05.04"]
[EventType "swiss"]
[EventRounds "9"]
[EventCountry "UAE"]
[SourceTitle "CB20_2024"]
[SourceDate "2024.05.16"]
[SourceVersion "1"]
[SourceVersionDate "2024.05.16"]
[SourceQuality "1"]

1. e4 c5 2. Nf3 e6 3. d4 cxd4 4. Nxd4 Nf6 5. Nc3 Nc6 6. Nxc6 bxc6 7. e5 Nd5 8. Ne4 Bb7 9. Be2 c5 10. 0-0 Qc7 11. Nd6+ Bxd6 12. exd6 Qc6 13. f3 c4 14. Qd4 0-0 15. Bxc4 Qxd6 16. Rd1 Rfc8 17. Bb3 a5 18. a4 Qc5 19. Qxc5 Rxc5 20. c4 Nf6 21. Be3 Rc6 22. Rd2 Ba6 23. c5 Rb8 24. Ra3 Kf8 25. g4 Ke7 26. Rc2 Nd5 27. Bxd5 exd5 28. Bf4 Rb7 29. Bd2 d6 30. cxd6+ Kxd6 31. Bc3 f6 32. Ra1 Rc5 33. Re1 d4 34. Rd2 d3 35. Re8 Rbc7 36. Ra8 R7c6 37. Ra7 g6 38. Rxh7 f5 39. Kf2 fxg4 40. fxg4 Kd5 41. Re7 Kc4 42. Re8 Kb3 43. Rb8+ Kxa4 44. Rd1 Rb5 45. Rd8 Rbc5 46. Rb8 Rb5 47. Re8 Rg5 48. Rb8 1/2-1/2

[Event "Dubai Police op-A"]
[Site "Dubai"]
[Date "2024.05.10"]
[Round "7"]
[White "Saydaliev, Saidakbar"]
[Black "Mahdavi, Reza"]
[Result "1/2-1/2"]
[WhiteElo "2449"]
[BlackElo "2357"]
[PlyCount "39"]
[EventDate "2024.05.04"]
[EventType "swiss"]
[EventRounds "9"]
[EventCountry "UAE"]
[SourceTitle "CB20_2024"]
[SourceDate "2024.05.16"]
[SourceVersion "1"]
[SourceVersionDate "2024.05.16"]
[SourceQuality "1"]

1. e4 c5 2. Nf3 d6 3. d4 cxd4 4. Nxd4 Nf6 5. Bd3 Nc6 6. Be3 Ng4 7. Nxc6 bxc6 8. Bd2 g6 9. Bc3 e5 10. 0-0 Bg7 11. Bb4 0-0 12. Be2 Qh4 13. Bxg4 Bxg4 14. Qxd6 Rfd8 15. Qc5 Bf3 16. gxf3 Qg5+ 17. Kh1 Qh5 18. Kg2 Qg5+ 19. Kh1 Qh5 20. Kg2 1/2-1/2

[Event "Dubai Police op-A"]
[Site "Dubai"]
[Date "2024.05.05"]
[Round "2"]
[White "Suleymenov, Alisher"]
[Black "Mahdavi, Reza"]
[Result "1/2-1/2"]
[WhiteElo "2501"]
[BlackElo "2357"]
[PlyCount "65"]
[EventDate "2024.05.04"]
[EventType "swiss"]
[EventRounds "9"]
[EventCountry "UAE"]
[SourceTitle "CB20_2024"]
[SourceDate "2024.05.16"]
[SourceVersion "1"]
[SourceVersionDate "2024.05.16"]
[SourceQuality "1"]

1. e4 c5 2. Nf3 d6 3. Bb5+ Nd7 4. d4 cxd4 5. Qxd4 a6 6. Be2 Ngf6 7. 0-0 e5 8. Qe3 Nc5 9. Nc3 Qc7 10. a4 Be7 11. a5 Bd7 12. Nd5 Nxd5 13. exd5 Bf5 14. c4 0-0 15. b4 Nd7 16. Bb2 Bg6 17. Rac1 Rfe8 18. Rfd1 h6 19. Qb3 e4 20. Nd4 Ne5 21. c5 Bg5 22. Rc3 Nd3 23. c6 Bf6 24. Rc4 bxc6 25. Bxd3 exd3 26. dxc6 Re4 27. b5 Rae8 28. Qb4 axb5 29. Rcc1 Qa7 30. c7 Rc8 31. Qxd6 d2 32. Rxd2 Rxc7 33. Rcd1 1/2-1/2

[Event "Titled Tuesday intern op 23rd Apr Late"]
[Site "Chess.com INT"]
[Date "2024.04.23"]
[Round "5"]
[White "Firouzja, Alireza"]
[Black "Mahdavi, Reza"]
[Result "1-0"]
[WhiteElo "2760"]
[BlackElo "2362"]
[PlyCount "63"]
[EventDate "2024.04.23"]
[EventType "swiss (blitz)"]
[EventRounds "11"]
[EventCountry "USA"]
[SourceTitle "CB18_2024"]
[SourceDate "2024.05.01"]
[SourceVersion "1"]
[SourceVersionDate "2024.05.01"]
[SourceQuality "2"]

1. e4 c5 2. Nf3 d6 3. d3 Nc6 4. g3 g6 5. Bg2 Bg7 6. 0-0 Nf6 7. Nc3 0-0 8. Re1 Nd7 9. Be3 Rb8 10. a4 Nde5 11. Nxe5 Bxe5 12. Qd2 a6 13. f4 Bg7 14. Bf2 Bd7 15. Nd1 b5 16. axb5 axb5 17. c3 b4 18. Ne3 e6 19. Nc4 Qc7 20. e5 bxc3 21. bxc3 dxe5 22. Bxc5 exf4 23. Bd6 Qd8 24. Bxb8 Qxb8 25. gxf4 Rd8 26. d4 Be8 27. Ne5 Nxe5 28. fxe5 Bxe5 29. Ra8 Bxh2+ 30. Kh1 Qg3 31. Re3 Qh4 32. Rh3 1-0

[Event "Titled Tuesday intern op 23rd Apr Late"]
[Site "Chess.com INT"]
[Date "2024.04.23"]
[Round "7"]
[White "Koval, Artem"]
[Black "Mahdavi, Reza"]
[Result "0-1"]
[WhiteElo "2193"]
[BlackElo "2362"]
[PlyCount "74"]
[EventDate "2024.04.23"]
[EventType "swiss (blitz)"]
[EventRounds "11"]
[EventCountry "USA"]
[SourceTitle "CB18_2024"]
[SourceDate "2024.05.01"]
[SourceVersion "1"]
[SourceVersionDate "2024.05.01"]
[SourceQuality "2"]

1. d4 Nf6 2. Nf3 b6 3. Bf4 Bb7 4. e3 Nh5 5. Bg5 h6 6. Bh4 g5 7. Nfd2 Nf4 8. exf4 gxh4 9. h3 e6 10. Nf3 c5 11. dxc5 bxc5 12. Nc3 Qf6 13. Qd2 a6 14. Ne5 h5 15. 0-0-0 d5 16. g3 d4 17. Rg1 dxc3 18. Qxc3 Bg7 19. Qb3 Qe7 20. gxh4 Bxe5 21. fxe5 Nc6 22. f4 Nd4 23. Qb6 Rc8 24. c3 Nb5 25. a4 Rc6 26. Bxb5 axb5 27. Qxb5 Qc7 28. Rd6 Ke7 29. Rgd1 Rb8 30. Rd7+ Qxd7 31. Rxd7+ Kxd7 32. Qd3+ Ke7 33. Qh7 Rcc8 34. Qxh5 Rg8 35. Qh6 Rg1+ 36. Kc2 Rg6 37. Qh7 Be4+ 0-1

[Event "Titled Tuesday intern op 23rd Apr Late"]
[Site "Chess.com INT"]
[Date "2024.04.23"]
[Round "2"]
[White "Mahdavi, Reza"]
[Black "Gelman, Alexander"]
[Result "1/2-1/2"]
[WhiteElo "2362"]
[BlackElo "2403"]
[PlyCount "68"]
[EventDate "2024.04.23"]
[EventType "swiss (blitz)"]
[EventRounds "11"]
[EventCountry "USA"]
[SourceTitle "CB18_2024"]
[SourceDate "2024.05.01"]
[SourceVersion "1"]
[SourceVersionDate "2024.05.01"]
[SourceQuality "2"]

1. Nf3 c5 2. c4 e6 3. Nc3 Nf6 4. g3 Be7 5. Bg2 0-0 6. 0-0 a6 7. d4 cxd4 8. Nxd4 d6 9. Nc2 Qc7 10. b3 Nbd7 11. Qd2 Ne5 12. Bb2 Bd7 13. Rac1 Rfd8 14. Rfd1 Rac8 15. e4 Qb8 16. h3 h6 17. f4 Ng6 18. Qe2 b5 19. Ne3 h5 20. h4 Qb6 21. Kh1 Bc6 22. Re1 Qb7 23. Ncd5 exd5 24. cxd5 Bd7 25. Rxc8 Qxc8 26. e5 Ng4 27. e6 fxe6 28. Nxg4 hxg4 29. Qxg4 e5 30. Qxg6 Bf5 31. Qh5 Bg4 32. Qg6 Bf5 33. Qh5 Bg4 34. Qg6 Bf5 1/2-1/2

[Event "Titled Tuesday intern op 12th Mar Late"]
[Site "Chess.com INT"]
[Date "2024.03.12"]
[Round "3"]
[White "Duda, Jan Krzysztof"]
[Black "Mahdavi, Reza"]
[Result "1-0"]
[WhiteElo "2731"]
[BlackElo "2312"]
[PlyCount "65"]
[EventDate "2024.03.12"]
[EventType "swiss (blitz)"]
[EventRounds "11"]
[EventCountry "USA"]
[SourceTitle "CB12_2024"]
[SourceDate "2023.10.01"]
[SourceVersion "1"]
[SourceVersionDate "2023.10.01"]
[SourceQuality "1"]

1. d4 Nf6 2. c4 e6 3. Nc3 Bb4 4. Qc2 b6 5. a3 Bxc3+ 6. Qxc3 Bb7 7. f3 d5 8. Bg5 0-0 9. cxd5 exd5 10. e3 Re8 11. Bb5 c6 12. Ba4 h6 13. Bh4 Nbd7 14. Ne2 Ba6 15. Bf2 c5 16. b4 Bc4 17. Bd1 cxd4 18. Qxd4 Rc8 19. 0-0 Ba6 20. Ra2 Ne5 21. Ba4 Re6 22. Rd1 Re7 23. Nf4 Bc4 24. Rad2 Qc7 25. Bg3 Qb7 26. Qa1 b5 27. Bc2 Rce8 28. Bf2 g5 29. Ne2 g4 30. f4 Ned7 31. Ng3 Ne4 32. Nf5 Ndf6 33. Bxe4 1-0

[Event "Titled Tuesday intern op 12th Mar Early"]
[Site "Chess.com INT"]
[Date "2024.03.12"]
[Round "4"]
[White "Plyasunov, Daniil"]
[Black "Mahdavi, Reza"]
[Result "1-0"]
[WhiteElo "2241"]
[BlackElo "2312"]
[PlyCount "121"]
[EventDate "2024.03.12"]
[EventType "swiss (blitz)"]
[EventRounds "11"]
[EventCountry "USA"]
[SourceTitle "CB12_2024"]
[SourceDate "2023.10.01"]
[SourceVersion "1"]
[SourceVersionDate "2023.10.01"]
[SourceQuality "1"]

1. e4 c5 2. Nf3 d6 3. Bb5+ Nd7 4. 0-0 a6 5. Bxd7+ Bxd7 6. c3 e6 7. d4 Ne7 8. a4 Ng6 9. dxc5 dxc5 10. Nbd2 Bc6 11. Qc2 Bd6 12. Nc4 Bc7 13. Rd1 Qe7 14. Bg5 f6 15. Be3 0-0 16. a5 Rad8 17. Nfd2 Bb5 18. Qb3 Kh8 19. Qa3 Bxc4 20. Nxc4 Rxd1+ 21. Rxd1 Rd8 22. Rf1 Ne5 23. Nxe5 Bxe5 24. Bxc5 Qd7 25. Bb6 Rc8 26. Qb3 Qc6 27. g3 Re8 28. Rd1 h6 29. Qc2 Kg8 30. Qd3 Bc7 31. Qd7 Bxb6 32. axb6 Rc8 33. Qe7 Qxe4 34. h4 Kh7 35. Rd7 Rg8 36. Qxf6 Qb1+ 37. Kg2 Qxb2 38. Rxb7 Qb3 39. Qf3 a5 40. Qe4+ Kh8 41. c4 a4 42. c5 a3 43. Ra7 a2 44. Qe5 Qb5 45. Rxa2 Qc6+ 46. Kg1 Qf3 47. Qe3 Qd5 48. Rd2 Qc6 49. Re2 Rd8 50. Re1 Re8 51. Rd1 Ra8 52. Kh2 Rf8 53. Re1 Rf7 54. f4 Rd7 55. Re2 Rd1 56. Qe4 Qxc5 57. b7 Qg1+ 58. Kh3 Qf1+ 59. Kg4 Rb1 60. Rd2 Qa6 61. Rd8# 1-0

[Event "Titled Tuesday intern op 23rd Jan Late"]
[Site "Chess.com INT"]
[Date "2024.01.23"]
[Round "1"]
[White "Melikhov, Evgeny V"]
[Black "Mahdavi, Reza"]
[Result "0-1"]
[WhiteElo "2192"]
[BlackElo "2312"]
[PlyCount "110"]
[EventDate "2024.01.23"]
[EventType "swiss (blitz)"]
[EventRounds "11"]
[EventCountry "USA"]
[SourceTitle "CB05_2024"]
[SourceDate "2024.01.31"]
[SourceVersion "1"]
[SourceVersionDate "2024.01.31"]
[SourceQuality "1"]

1. d4 Nf6 2. c4 e6 3. Nc3 Bb4 4. Qc2 d5 5. cxd5 exd5 6. Bg5 h6 7. Bxf6 Qxf6 8. a3 Bxc3+ 9. Qxc3 0-0 10. e3 c6 11. Nf3 Bf5 12. Be2 Nd7 13. 0-0 h5 14. b4 a6 15. Rfc1 g6 16. Ra2 Rfe8 17. Ne1 Nb6 18. Nd3 Bxd3 19. Bxd3 h4 20. h3 Kg7 21. a4 Nd7 22. Rb2 Rec8 23. Be2 Qe7 24. Bf3 Nf6 25. Qc5 Qe6 26. Rbc2 Nd7 27. Qc3 Nb6 28. Qb3 Nc4 29. b5 cxb5 30. axb5 a5 31. Bxd5 Qxd5 32. Rxc4 a4 33. Qb4 Rxc4 34. Qxc4 Qd6 35. Ra1 a3 36. Ra2 Ra5 37. Qb3 b6 38. e4 Qf4 39. d5 Qc1+ 40. Kh2 Qc5 41. g3 Qd4 42. Kg2 Qxe4+ 43. Kh2 Qd4 44. Kg2 hxg3 45. Kxg3 Qc5 46. Kg2 Rxb5 47. Qxa3 Qxd5+ 48. f3 Qg5+ 49. Kf2 Qh4+ 50. Kg2 Rg5+ 51. Kf1 Qxh3+ 52. Ke2 Rg2+ 53. Ke3 Qe6+ 54. Kd3 Rxa2 55. Qxa2 Qxa2 0-1

[Event "Titled Tuesday intern op 16th Jan Late"]
[Site "Chess.com INT"]
[Date "2024.01.16"]
[Round "7"]
[White "Mahdavi, Reza"]
[Black "Mekhitarian, Krikor Sevag"]
[Result "0-1"]
[WhiteElo "2312"]
[BlackElo "2554"]
[PlyCount "116"]
[EventDate "2024.01.16"]
[EventType "swiss (blitz)"]
[EventRounds "11"]
[EventCountry "USA"]
[SourceTitle "CB04_2024"]
[SourceDate "2023.10.16"]
[SourceVersion "1"]
[SourceVersionDate "2023.10.16"]
[SourceQuality "1"]

1. e4 e6 2. d3 d5 3. Nd2 Nc6 4. Ngf3 e5 5. g3 dxe4 6. dxe4 Nf6 7. Bg2 Bc5 8. 0-0 0-0 9. c3 a5 10. Qc2 b6 11. Nb3 Bd6 12. Rd1 Qe7 13. h3 Ba6 14. Be3 Rad8 15. Nh4 g6 16. Bg5 Qe6 17. Nd2 Be7 18. Nf1 Nd7 19. Bxe7 Nxe7 20. Ne3 Nf6 21. b3 Kg7 22. Nf3 h6 23. Nh2 Bb7 24. Nhg4 Nxg4 25. hxg4 Nc8 26. Rd2 Rxd2 27. Qxd2 Nd6 28. Rd1 Bxe4 29. Bxe4 Nxe4 30. Qd3 Nf6 31. Qc4 Qxc4 32. Nxc4 Re8 33. Ne3 Kf8 34. Kg2 Ke7 35. Rh1 h5 36. gxh5 Nxh5 37. Nd5+ Kd8 38. g4 Nf4+ 39. Nxf4 exf4 40. Kf3 g5 41. Rd1+ Ke7 42. Re1+ Kd7 43. Rxe8 Kxe8 44. Ke4 f6 45. Kf5 Kf7 46. f3 c6 47. c4 Ke7 48. Kg6 Ke6 49. Kh5 Ke5 50. Kg6 b5 51. cxb5 cxb5 52. a3 b4 53. a4 Kd4 54. Kxf6 Ke3 55. Kxg5 Kxf3 56. Kh5 Ke3 57. g5 f3 58. g6 f2 0-1

[Event "Titled Tuesday intern op 16th Jan Early"]
[Site "Chess.com INT"]
[Date "2024.01.16"]
[Round "1"]
[White "Moskvin, Anatoly"]
[Black "Mahdavi, Reza"]
[Result "0-1"]
[WhiteElo "2192"]
[BlackElo "2312"]
[PlyCount "74"]
[EventDate "2024.01.16"]
[EventType "swiss (blitz)"]
[EventRounds "11"]
[EventCountry "USA"]
[SourceTitle "CB04_2024"]
[SourceDate "2023.10.16"]
[SourceVersion "1"]
[SourceVersionDate "2023.10.16"]
[SourceQuality "1"]

1. e4 c5 2. Nf3 Nc6 3. Bb5 e6 4. 0-0 Nge7 5. Re1 Nd4 6. a4 a6 7. Bf1 Nec6 8. Nxd4 cxd4 9. Na3 Bc5 10. Nc4 0-0 11. d3 Rb8 12. Bf4 d6 13. e5 d5 14. Nd2 b5 15. axb5 Rxb5 16. Nb3 Bb4 17. Bd2 Bxd2 18. Qxd2 Qb6 19. Ra4 Bb7 20. h4 Rb8 21. h5 h6 22. g4 Qd8 23. Rea1 Nxe5 24. Be2 Nc6 25. R1a2 Bc8 26. Nxd4 Nxd4 27. Rxd4 Rxb2 28. Rxb2 Rxb2 29. Bf3 Qc7 30. Bd1 Bd7 31. Qc1 Qc3 32. Rf4 Ra2 33. Qe3 Ra1 34. Qe2 a5 35. Kg2 a4 36. Qf3 Be8 37. Qg3 Rxd1 0-1